Annual research report 1968 (Record no. 66186)

MARC details
000 -LEADER
fixed length control field 00277nam a22000977a 4500
008 - FIXED-LENGTH DATA ELEMENTS--GENERAL INFORMATION
fixed length control field 230620b |||||||| |||| 00| 0 eng d
040 ## - CATALOGING SOURCE
Original cataloging agency National Science Library
Transcribing agency National Science Library
245 ## - TITLE STATEMENT
Title Annual research report 1968
260 ## - PUBLICATION, DISTRIBUTION, ETC.
Name of publisher, distributor, etc. University of roorkee
942 ## - ADDED ENTRY ELEMENTS (KOHA)
Koha item type Reports
Holdings
Withdrawn status Lost status Materials specified (bound volume or other part) Damaged status Not for loan Home library Current library Shelving location Date acquired Total Checkouts Barcode Date last seen Price effective from Koha item type
    1968-70     National Science Library National Science Library FF/Rk-23/C-2/R-5 21/05/1974   51611 03/09/2024 21/05/1974 Reports